000 00362nam a2200133 i 4500
001 bg
100 1 _aPŁASIŃSKI, Zbigniew
245 0 _aZasady odwzorowań utworów przestrzennych na płaszczyźnie rysunku /
_cZbigniew Płasiński.
260 _aKraków,
_c1975.
040 _cBPK
041 _apol
942 _cKS
008 s pl f |000 0 pol
999 _c16313
_d16313
856 _uhttp://koha.tu.koszalin.pl/cgi-bin/koha/opac-detail.pl?biblionumber=16313
_yKatalog online BPK